QUIZ SUL MEDIOEVO! - Statistics

Statistiche generali
  • Questo quiz è stato fatto 106 volte
  • Il punteggio medio è 13 su 28
Statistiche sulle risposte
Hint Risposta % Corretto
In quale città fu spostata la Curia tra il 1309 e il 1377 Avignone
72%
Dinastia di Carlo Magno Carolingia
72%
Guerre sante per la riconquista della Terra Santa Crociate
72%
Bonifacio VIII istituisce nel 1300 il primo "anno santo" ovvero il.. Giubileo
71%
I turchi che distrussero Costantinopoli Ottomani
69%
Dato in omaggio al vassallo in cambio di fedeltà Feudo
63%
Quale popolazione conquista l’Inghilterra con la Battaglia di Hastings Normanni
62%
Documento inglese che limita il potere regio Magna Charta
59%
Il progetto di "riappropriazione" della Penisola Iberica Reconquista
58%
Guerra del rogo di Giovanna d'Arco Guerra dei 100 anni
56%
Chi sconfisse gli arabi a Poitiers Carlo Martello
55%
L'evento separò la Chiesa di Roma da quella di Costantinopoli Scisma d'oriente
54%
La lotta per le investiture riguardava il diritto di nominare chi Vescovi
53%
Guerra tra York e Lancaster Guerra delle due Rose
51%
Compravendita delle cariche religiose Simonia
49%
Quale eresia nega la natura divina del Cristo Arianesimo
47%
Movimento contro il culto delle immagini sacre Iconoclastia
47%
I francescani e i domenicani appartengono agli ordini.. Mendicanti
46%
Rivolta popolare contro la Sicilia Angioina Vespri Siciliani
44%
Dinastia di Ugo Capeto Capetingia
37%
Concordato che pone fine alla guerra per le investiture Concordato di Worms
37%
La teoria del sole e della luna afferma la supremazia di chi Papa
35%
Unioni di artigiani o mercanti per autotutela e rappresentanza Corporazioni
33%
Accordo che suddivide il regno dei franchi in 3, ponendo fine all'età carolingia Accordo di Verdun
23%
A quale dinastia apparteneva Giovanni "senza terra" Plantageneti
21%
Capitolare che permise l'ereditarietá dei feudi Capitolare di Quierzy
14%
Manoscritto inglese sul censimento della popolazione, terre e risorse Domesday Book
10%
L'accordo che sancì l'omaggio di fedeltà tra papato e normanni Accordo di Melfi
6%
Nessun quiz corrispondente trovato
Distribuzione punteggi
Percentuale di utenti per punteggio
Percentile per numero di risposta
I tuoi punteggi nel tempo
Non hai fatto questo quiz